[Event "IND-ch Rapid"]
[Site "Nashik"]
[Date "2022.04.28"]
[Round "5"]
[White "Yogesh, Swami"]
[Black "Ratnakaran, Kantoli"]
[Result "0-1"]
[WhiteElo "1755"]
[BlackElo "2337"]
[PlyCount "110"]
[EventDate "2022.04.27"]
[EventType "swiss (rapid)"]
[EventRounds "9"]
[EventCountry "IND"]
[SourceTitle "CBM 208 Extra"]
[Source "ChessBase"]
[SourceDate "2022.07.31"]
[SourceVersion "1"]
[SourceVersionDate "2022.07.31"]
[SourceQuality "1"]

1. e4 e6 2. d4 d5 3. Nc3 Nc6 4. Nf3 Nf6 5. Bg5 Be7 6. e5 Nd7 7. h4 h6 8. Be3 a6 9. Qd2 b5 10. Bd3 Nb6 11. b3 Bb7 12. Rh3 Qd7 13. Rg3 Bf8 14. Kf1 Rc8 15. a4 b4 16. Ne2 Rb8 17. a5 Nc8 18. Nf4 h5 19. Ng5 N8e7 20. Qe2 g6 21. Bxa6 Bxa6 22. Qxa6 Nf5 23. Ngxe6 Nxg3+ 24. fxg3 fxe6 25. Nxg6 Rg8 26. Nf4 Be7 27. Nxh5 Nd8 28. Kf2 Qb5 29. Qxb5+ Rxb5 30. a6 Rb8 31. Kf3 Kd7 32. Bf2 c5 33. g4 Nc6 34. g5 cxd4 35. Bg3 Rbf8+ 36. Kg4 Rf5 37. a7 Ra8 38. g6 Rxe5 39. g7 Re4+ 40. Kh3 Re3 41. Kg4 Ne5+ 42. Kh3 Nf7 43. Kh2 Nh6 44. Bf4 Bd6 45. Bxd6 Kxd6 46. Nf6 Re2 47. Kh3 Rxc2 48. g8Q Nxg8 49. Nxg8 Rc3+ 50. Kh2 Rxg8 51. a8Q Rxa8 52. Rxa8 d3 53. Ra1 e5 54. Kg3 d2+ 55. Kf2 Rc1 0-1

[Event "IND-ch Rapid"]
[Site "Nashik"]
[Date "2022.04.27"]
[Round "2"]
[White "Sankalp, Gupta"]
[Black "Yogesh, Swami"]
[Result "1-0"]
[WhiteElo "2504"]
[BlackElo "1755"]
[PlyCount "91"]
[EventDate "2022.04.27"]
[EventType "swiss (rapid)"]
[EventRounds "9"]
[EventCountry "IND"]
[SourceTitle "CBM 208 Extra"]
[Source "ChessBase"]
[SourceDate "2022.07.31"]
[SourceVersion "1"]
[SourceVersionDate "2022.07.31"]
[SourceQuality "1"]

1. e4 c6 2. d4 d5 3. e5 Bf5 4. Nd2 h5 5. Nb3 e6 6. Nf3 Nd7 7. a4 a5 8. Be2 Be7 9. 0-0 g5 10. Ne1 Bg6 11. Bd3 Nf8 12. f4 gxf4 13. Bxf4 Bg5 14. Qd2 Bxf4 15. Qxf4 Qe7 16. Rd1 Nh6 17. Rd2 0-0-0 18. Nxa5 Bxd3 19. Nxd3 Nf5 20. Nc5 Ng6 21. Qf2 Rd7 22. Nxd7 Qxd7 23. Nb3 Rg8 24. Qf3 Ngh4 25. Qxh5 Qe7 26. Rf4 Kb8 27. Nc5 Rg5 28. Qh8+ Ka7 29. Qf6 Qxf6 30. exf6 Ng6 31. Rff2 Nd6 32. Rde2 b6 33. Nd3 Ne4 34. Rf1 Kb7 35. Re3 Kc7 36. Rh3 Nf8 37. Ne5 Nd6 38. Rh8 Ng6 39. Nxg6 Rxg6 40. h4 c5 41. dxc5 bxc5 42. h5 Rg5 43. h6 Rg6 44. h7 Rh6 45. Rf3 Ne4 46. Rh3 1-0